000 01934nam a2200337 i 4500
001 768714001
003 CO-MdFUSB
005 20220318085053.0
007 ta
008 220214t1993 xxu |||| |||| 00| 0 spa d
020 _a[No incluye ISBN]
040 _aCO-MdFUSB
_bspa
_cCO-MdFUSB
_dCO-MdFUSBC
_erda
041 _aspa
082 _223
_a262
_bV434
100 _aVelásquez, Carlos E.
_eautor
245 _aRestauración del orden y gobierno en la iglesia
_c/ Carlos E. Velásquez
264 0 _a[Guatemala] :
_bMinisterios Verbo,
_c[1993]
300 _a142 páginas
_c; 18 cm
336 _2rdacontent
_atexto
_btxt
337 _2rdamedia
_asin mediación
_bn
338 _2rdacarrier
_avolumen
_bnc
505 _tParte uno. Nacimiento de la iglesia y su expresión ministerial:
_aEl ejemplo del Antiguo Testamento. -- La expansión del Evangelio y el ministerio. -- Apostólico. -- Delegación de autoridad apostólica en el discipulado. -- Otros dones ministeriales locales y extra locales. -- La autoridad de la iglesia local. -- Gobierno teocrático: apóstoles y profetas. -- Relación apostólica a la iglesia local. -- La función de los ancianos. -- los dones de Cristo a la iglesia. -- La autoridad apostólica. -- La autoridad de los ancianos. -- Otros títulos dados a los ancianos: oblispo y pastor. -- Una advertencia, una ilustración y un ejemplo. -- Una exhortación.
505 _tParte dos. El principal elemento para trabajar en equipo:
_aPalabras aclaratorias. -- El ejemplo de Jesús. -- La historia de Verbo.
505 _tParte tres. Un estudio de los dones de Efesios 4.
_aLos sentidos del cuerpo de Cristo. -- El sentido de la vista. -- El sentido del oído. -- El sentido del tacto. -- El sentido del olfato. -- El sentido del gusto.
563 _aRústico
650 7 _9655
_aIglesia
653 _aGobierno eclesial.
653 _aAdministración de la iglesia
942 _cBK
945 _aJTF-925
999 _c67182
_d67182